| 000 | 01085nam2a2200253 4500 | ||
|---|---|---|---|
| 001 | RU\NLR\bibl\1140176 | ||
| 005 | 20250615073608.0 | ||
| 010 |
_a978-5-346-00789-0 _920000 _bч. 3 |
||
| 021 |
_aRU _b2007-62003 _93312 |
||
| 035 | _a(NLR Aleph) 001127040 | ||
| 090 |
_a1334115 _c1334115 |
||
| 100 | _a20071015d2007 |||y0rusy50 ca | ||
| 101 | 0 | _arus | |
| 102 | _aRU | ||
| 105 | _aa ||||||||| | ||
| 200 | 1 |
_aСправочные материалы _eприложение к учебнику |
|
| 210 |
_d2007 _aБ. м. |
||
| 215 | _a47, [2] c., [8] л. цв. ил. | ||
| 461 | 0 |
_1001RU\NLR\bibl\1135733 _12001#$aРусский язык$vЧ. 3 _91307675 _aЛьвова, С. И. (д-р пед. наук) _cМосква _d2007 _e3-е изд., стер. _fС.И. Львова, В.В. Львов _nМнемозина _o5 класс : учебник для общеобразовательных учреждений : в 3 ч. _tРусский язык _y978-5-346-00786-9 _vЧ. 3 |
|
| 801 | 0 |
_aRU _bNLR _c20071015 _gRCR |
|
| 801 | 1 |
_aRU _bNLR _c20071015 |
|
| 942 | _cBOOK | ||
| 980 | _aNB | ||